|
|
|
|
| LEADER |
01154nam a2200277 a 4500 |
| 001 |
8464338 |
| 008 |
0900601r1997 ilua b 001 0 eng d |
| 010 |
|
|
|a 82156119
|
| 020 |
|
|
|a 8185386137
|
| 040 |
|
|
|a DLC
|c DLC
|d ORE
|
| 082 |
0 |
|
|a 658.4
|2 19
|
| 100 |
1 |
|
|a Terry, George Robert.
|
| 245 |
1 |
0 |
|a Principles of management /
|c George R. Terry, Stephen G. Franklin.
|
| 250 |
|
|
|a 8th ed.
|
| 260 |
|
|
|a India :
|b A.I.T.B.S. Publishers & Distributors,
|c c1997.[reprinted]
|
| 300 |
|
|
|a xix, 614 p. :
|b ill. ;
|c 25 cm.
|
| 490 |
0 |
|
|a Irwin series in management and the behavioral sciences.
|
| 504 |
|
|
|a Includes bibliography: p. [579-596] and index.
|
| 541 |
1 |
|
|e 00006010
|
| 650 |
|
0 |
|a Industrial management.
|
| 700 |
1 |
|
|a Franklin, Stephen G.
|
| 852 |
4 |
|
|a Ayesha Abed Library
|j General Shelf.
|
| 942 |
0 |
0 |
|0 1
|
| 999 |
|
|
|c 2912
|d 2912
|
| 952 |
|
|
|0 0
|1 0
|2 ddc
|4 0
|6 658_400000000000000_TER_1997
|7 0
|9 2643
|a BRACUL
|b BRACUL
|c GEN
|d 2009-07-29
|g 152.00
|l 18
|m 98
|o 658.4 TER
|p 3010006010
|r 2023-10-11
|s 2023-10-10
|t 1
|v 304.00
|w 2009-07-29
|y BK
|
| 952 |
|
|
|0 0
|1 0
|2 ddc
|4 0
|6 658_400000000000000_TER
|7 0
|9 43227
|a SCL
|b SCL
|c GEN
|d 1998-11-26
|l 0
|o 658.4 TER
|p 3020001075
|r 2014-07-16
|t 2
|w 2014-07-16
|y BK
|